000 00952nam a22002537a 4500
005 20110511151039.0
008 110511t xxu||||| |||| 00| 0 eng d
010 _aENG-102445
020 _a9788174467010
_c795.00
035 _aEN-85978
037 _bDBAD/PUB
040 _adpl
_bEng
082 _a658.30954
100 _925528
245 _aPartners in success :
_cedited by Nina Muncherji, C.Gopalakrishnan [and] Upinder Dhar
_bstrategic HR and entrepreneurship /
260 _aNew Delhi
_bExcel Books
_c2009
270 _aA-45, Naraina, Phase-1
_bNew Delhi
_e110028
300 _axiv,730 p.
_c23cm (pbk)
500 _aIncludes bibliographical references
700 _aGopalakrishnan, C.
_928039
700 _aDhar, Upinder
_928040
942 _2ddc
_cEN
_h658.30954
_mPAR
999 _c52365
_d52365